00371 2200157 4500001002100000005001500021035002000036245003300056100001400089300002600103260002800129082000800157084001400165020002200179990001200201INLIS00000000000294720250917111702 a0010-09250002941 aBeda Tapi Cinta /cHardy Zhu0 aHardy Zhu a252 hlm ;c13 x 19 cm aJakarta :bZettu,c2013 a813 a813 HAR b a978-602-7735-94-1 a0755686